Normal view
MARC view
- البنوك التجارية-تدقيق داخلي
Entry Topical Term
001 - CONTROL NUMBER
- control field: 63228
003 - CONTROL NUMBER IDENTIFIER
- control field: JO-AjAnu
005 - DATE AND TIME OF LATEST TRANSACTION
- control field: 20230606084324.0
008 - FIXED-LENGTH DATA ELEMENTS
- fixed length control field: 230606|| aca||aabn | a|a d
040 ## - CATALOGING SOURCE
- Original cataloging agency: JO-AjAnu
- Transcribing agency: JO-AjAnu
150 ## - HEADING--TOPICAL TERM
- Topical term or geographic name entry element: البنوك التجارية-تدقيق داخلي
670 ## - SOURCE DATA FOUND
- Source citation: Work cat.: (JO-AjAnu)32236: اعداد الشقران، عون عبد الوهاب؛ إشراف ليث عبدالله العريان , author 63227, أثر خصائص لجان التدقيق على جودة التدقيق الداخلي في البنوك التجارية الاردنية =The impact of the Audit Committees Characteristics on the Quality of internal Auditing in Jordanian commerical Banks